Türkiye sanayisinde küçük üretim (Record no. 6897)

MARC details
000 -BAŞLIK
Sabit Uzunlukta Kontrol Alanı 00727na a2200241 4500
001 - KONTROL NUMARASI
Denetim Alanı 19253
003 - KONTROL NUMARASI IDENTIFIER
Denetim Alanı MIRAKIL
005 - SON İŞLEM TARİHİ VE ZAMANI
Denetim Alanı 20181213155122.0
008 - SABİT-BOY VERİ ELEMANLARI - GENEL BİLGİLER
Sabit Uzunlukta Kontrol Alanı 161212b tu 000 0
035 ## - SİSTEM KONTROL NUMARASI
Sistem Kontrol Numarası 19253
040 ## - KATALOGLAMA KAYNAK
Orijinal Kataloglama Ajansı Milas
Kataloglama Dili tur
Metne Dönüştürmek Ajansı TR-AnCHP
041 ## - DİL KODU
Metin / Ses Parça Veya Ayrı Başlığın Dil Kodu tur
082 ## - DEWEY ONLU SINIFLANDIRMA NUMARASI
Sınıflandırma Numarası 338.09561
Ürün Numarası T96 [t.y.]
090 ## - SINIFLAMA NUMARASI
Sınıflama Numarası 338.09561 T96 [t.y.]
245 ## - BAŞLIK TABLOSU
Başlık Türkiye sanayisinde küçük üretim
Sorumluluk Tablosu, Vb Hazırlayanlar Sezgin Tüzün, Gürel Tüzün
260 ## - YAYIN, DAĞITIM, VB
Yayın, Dağıtım, Vb Yeri İstanbul
Yayıncı, Dağıtıcı, Vs Adı TÜSES Yayınları
Yayın, Dağıtım, Vb Tarihi [t.y.]
300 ## - FİZİKSEL TANIM
Kapsam 110 s.
Boyutlar 30 sm.
650 ## - KONU KATMA GİRİŞ - TOPİKAL DÖNEM
Topikal Süreli Veya Coğrafi Ad Giriş Elemanı Üretim
Genel Alt Bölümü Sanayi
Coğrafi Alt Bölümü Türkiye
700 ## - KATMA GİRİŞ - KİŞİSEL İSİM
Kişisel Ad Tüzün, Gürel
700 ## - KATMA GİRİŞ - KİŞİSEL İSİM
Kişisel Ad Tüzün, Sezgin
830 ## - SERİSİ EKLENDİ GİRİŞ - ÜNİFORM ADI
Üniforma Başlık Türkiye Sosyal Ekonomik Siyasal Araştırmalar Vakfı Yayınları
942 ## - EKLENDİ GİRİŞ ELEMANLARI (KOHA)
Sınıflandırma Veya Raf Düzeni Kaynak Dewey Decimal Classification
Koha Öğesi Türü Books
999 ## - SİSTEM KONTROL NUMARALARI (KOHA)
Koha Biblionumber 6897
Koha Biblioitemnumber 6897
Holdings
Kalıcı Konum Mevcut Konum Edinme Tarihi Edinim Kaynak Toplam Check-Out'Lar Tam Çağrı Numarası Barkod Tarih Son Görülme İtibaren Geçerli Fiyatlar Koha Öğesi Türü
CHP Kütüphanesi CHP Kütüphanesi 12/12/2016 Bağış   338.09561 T96 [t.y.] 011511 12/12/2016 12/12/2016 Books